| 000 | 00688cam a22002413a 4500 | ||
|---|---|---|---|
| 001 | 3316 | ||
| 003 | PGUSA | ||
| 005 | 20140828083030.0 | ||
| 008 | 020701s2002||||xxu|||||s|||||000 | eng d | ||
| 040 |
_aPGUSA _beng |
||
| 042 | _adc | ||
| 050 | 4 | _aJK | |
| 100 | 1 |
_aMoore, J. Hampton _q(Joseph Hampton), _d1864-1950 |
|
| 245 | 1 | 0 |
_aHow Members of Congress Are Bribed _h[electronic resource] / _cJ. Hampton Moore |
| 260 |
_bProject Gutenberg, _c2002 |
||
| 506 | _aPublic domain in the USA. | ||
| 516 | _aElectronic text | ||
| 653 | _aBribery | ||
| 653 | _aUnited States. Congress | ||
| 830 | 0 |
_aProject Gutenberg _v3316 |
|
| 856 | 4 | 0 | _uhttp://www.gutenberg.org/ebooks/3316 |
| 942 | _cEB | ||
| 999 |
_c232645 _d232645 |
||